000 00729nam a2200253Ia 4500
003 OSt
005 20220925211655.0
006 a|||||r|||| 00| 0
007 ta
008 220923b |||||||| |||| 00| 0 eng d
020 _a818559768
037 _cGeneral Book
040 _aRTL
_cRTL
_beng
041 _2eng
_aeng
082 _aY5927.2f, P5
100 _aMANDAL Hrishilesh and others
_9275085
245 0 _aIndia
_b An illustrated atlas of scheduled castes
260 _aKolkata
_bASI
_c2005
300 _aiii, 136p
_ccm.
490 _aAnthropological Survey of India
650 _aSociology
942 _hY5927.2f, P5
_cGB
_2CC
999 _c558381
_d558381